[Event "Dyfed Open"]
[Site "Fishguard"]
[Date "2019.02.23"]
[Round "3.4"]
[White "Van Kemenade, Julie"]
[Black "Jones, Iolo C"]
[Result "0-1"]
[WhiteElo "1704"]
[BlackElo "2205"]
[Annotator "kemen"]
[PlyCount "88"]
[EventDate "2019.??.??"]

{[%evp 0,7,45,47,49,25,-6,2,-5,-27]} 1. e4 e5 2. Bc4 Nf6 3. d3 c6 4. Bb3 (4.
Nf3 {main}) 4... d5 5. Nd2 (5. Nf3 {back to main}) 5... Na6 $146 (5... Bc5 6.
Ngf3 Nbd7 7. O-O O-O 8. h3 Re8 (8... a5 9. c3 b5 10. Re1 Qb6 11. Qe2 b4 {
J Van Kemenade-R Van Kemenade, S Wales New Year 2019,0-1}) 9. Re1 Qb6 10. Re2
Bf8 11. Qe1 {J Van Kemenade-R Van Kemenade, WLS ch 2018,0-1}) (5... Bd6 {main})
6. c3 (6. Ngf3 Bd6 7. O-O (7. d4 dxe4 8. dxe5 exf3 9. Nxf3 Bb4+ 10. c3 Qxd1+
11. Bxd1 Nd5 12. cxb4 Naxb4 13. O-O O-O $11) 7... O-O (7... Nc5 8. d4) 8. d4
$11 {Komodo12}) 6... Nc5 7. Bc2 dxe4 8. dxe4 Nd3+ 9. Bxd3 Qxd3 10. Qe2 (10. Qf3
Qc2 11. Qg3 Be6 12. Ngf3 Nxe4 13. Qxe5 Nxd2 14. Bxd2 O-O-O 15. Bg5 Qxb2 16. O-O
Rd5 17. Qe1 {Komodo12} Bc5 $17) 10... Qxe2+ 11. Nxe2 Be6 (11... Bd6) 12. Ng3 (
12. f4 Bd6 13. f5 Bd7 14. Ng3 Bc7 15. Nf3 h6 $15 {Komodo12}) 12... g6 (12... h5
) 13. Nf3 Bd6 14. Bg5 (14. Ng5 {Komodo12}) 14... Nd7 15. Rd1 Be7 (15... Bc7)
16. b3 (16. Bxe7) 16... f6 17. Bc1 (17. Be3) 17... a5 18. O-O a4 19. Nd2 axb3 (
19... O-O $19) 20. axb3 Nc5 21. c4 Nd3 (21... Ra2 $19) 22. Nb1 Nxc1 23. Rxc1
Bb4 24. Ne2 g5 (24... O-O) 25. Nbc3 Ke7 26. h3 Ra3 27. Rb1 Rd8 28. Rfc1 (28.
Rfd1 Rd7 29. Rxd7+ Kxd7 30. Nd1 Bc5 31. Ne3 Ra2 32. Ng3 Rd2 $17 {Komodo12})
28... Rd3 $19 29. Nd5+ {sowing confusion} cxd5 30. cxd5 Bd7 31. Rc7 Ra7 32. Ng3
Kd8 33. Rc4 Be7 34. Rbc1 b5 35. R4c2 Rxb3 36. Nf5 Ba3 37. Rd1 Bxf5 38. exf5 Rc7
39. Rc6 Rxc6 40. dxc6+ Kc8 (40... Kc7 41. Rd7+ Kxc6 42. Rxh7 b4) 41. Rd7 Rc3
42. Rb7 b4 43. Rb6 b3 44. c7 Kxc7 0-1

[Event "Dyfed Open"]
[Site "Fishguard"]
[Date "2019.02.22"]
[Round "3.5"]
[White "Van Kemenade, Rudy"]
[Black "Bevan, Peter M"]
[Result "1/2-1/2"]
[WhiteElo "1944"]
[BlackElo "1907"]
[Annotator "kemen"]
[PlyCount "86"]
[EventDate "2019.??.??"]

1. e4 d5 2. Nf3 c6 3. Nc3 (3. d4 dxe4 4. Ng5 Nf6 5. Bc4 e6 6. Nc3 Bb4) 3... Bg4
4. h3 Bxf3 5. Qxf3 e6 6. d3 (6. exd5 exd5 7. d4 Nf6 8. Bg5 Nbd7 9. O-O-O {
D Roberts-Bevan, WLS ch 1995,1/2-1/2}) 6... Nf6 (6... Nd7 {main}) 7. g4 (7. Bd2
) (7. a3) (7. g3) 7... Bb4 8. Bd2 (8. a3 Qa5 9. Bd2) 8... d4 9. Nb1 Qb6 10. b3
(10. c3 {main, considered} Bc5 11. Bc1 a5) 10... Nbd7 $146 (10... Bxd2+ 11.
Nxd2 Qc5 12. Qd1 {Stockfish10} (12. Qe2 Qxc2 13. f4 Na6 14. a3 Nc5 $17 {
Sauerwald-Stepa, Lippstadt Turm op 1999,1-0} (14... e5 $19)) (12. Rc1 Nbd7 13.
Bg2 h5 14. Qg3 hxg4 15. hxg4 Rxh1+ 16. Bxh1 Qg5 17. Ke2 O-O-O 18. f4 Qxg4+ 19.
Qxg4 Nxg4 20. Rg1 f5 21. Nc4 $11 {Jurlina-Dudek, Oberliga Baden 2006,0-1})) 11.
Bg2 (11. g5 Ne5 12. Qg3 Nfd7 13. f4 Ng6 14. h4 $11 {Cloud Engines}) 11... Qa5
12. Qd1 (12. a3 Bxd2+ 13. Nxd2 h5 14. b4 Qc7 15. g5 Ne5 16. Qg3 (16. Qe2 Nfd7
17. f4 Ng6 18. f5 Nf4 19. Qf2 e5 $15) 16... h4 17. Qh2 Nh5 18. Ke2 O-O-O 19.
Bf3 Ng6 20. Qxc7+ Kxc7 21. Bxh5 Rxh5 22. Nf3 e5 $15) 12... h5 $17 13. g5 $2 (
13. f3 g5 $17 {Stockfish10}) 13... Bxd2+ (13... Qxg5 $1 14. O-O Bxd2 15. Nxd2
Qf4 $19 {Stockfish10}) 14. Qxd2 Qxd2+ 15. Nxd2 Nh7 16. h4 $11 (16. f4 e5 17. h4
exf4 18. Nf3 c5 19. b4 cxb4 20. a3 bxa3 21. Rxa3 Nhf8 22. Nxd4 Ne6 23. Nxe6
fxe6 24. O-O O-O $11 {Stockfish10}) 16... e5 17. Nc4 (17. Bh3) (17. a4) 17...
Ke7 18. Bh3 Nhf8 19. Bf5 (19. Bxd7 Nxd7 20. a4) (19. a4 Ne6 20. Bxe6 Kxe6 21.
b4 f6 $11 {Stockfish10}) 19... g6 (19... Ne6) 20. Bxd7 Nxd7 21. f4 (21. a4 Rhf8
22. Ke2 f6 $11) 21... exf4 22. O-O b5 23. Nd2 (23. Na5 Ne5 24. Rxf4 Rhf8 25. b4
Rfc8 26. Nb3 a5 27. bxa5 c5 28. Rb1 Kf8 $11 {Stockfish10}) 23... Ne5 (23... f6
$11) 24. Rxf4 (24. Nf3 Nxf3+ 25. Rxf3 Rhf8 26. Rxf4 f6 27. Rxf6 Rxf6 28. gxf6+
Kxf6 29. Rf1+ Ke6 30. Rf2 Rg8 31. Rg2 Ke5 32. Rg5+ Kf4 33. Kf2 c5 34. Ke2 a6
35. Kd2 Rg7 36. a4 bxa4 37. bxa4 a5 38. c3 Rb7 39. Kc2 Rc7 40. Rxg6 c4 $11 {
Stockfish10}) 24... Rad8 (24... Ng4 25. Nf3 Rhd8 26. a4 b4 27. Rf1 c5 28. Nd2
Rf8 29. Nc4 $14) 25. a4 (25. b4 {pm analysis} Ra8 26. Nb3 a5 27. Nxa5 (27. bxa5
c5 28. a4 $16) 27... c5 28. Nb3 cxb4 29. Nxd4 Rhd8 30. Nxb5 Rac8 31. d4 Rb8 32.
a4 bxa3 33. Rxa3 Rxb5 34. dxe5 Rd7 $11 {Stockfish10}) (25. Nf3 Nxf3+ (25... Ng4
26. b4 $16 Ne3 27. Rf6 $18) 26. Rxf3 Rd6 27. a4 Rc8 (27... Rd7 28. Rf6 $18 Rc7
29. e5 Rg8 30. Kg2 $18) 28. axb5 Rc7 29. b6 axb6 30. Kf2 c5 31. Kg3 $16 {
Stockfish10}) 25... Rd7 26. axb5 $16 (26. b4) (26. Nf3 Nxf3+ 27. Rxf3 Rc8 28.
Rf6 Rd6 29. e5 Re6 30. axb5 Rc7 31. Raf1 Rxf6 32. exf6+ Kd6 33. Rf4 Kd5 34. Re4
cxb5 35. b4 $1 a6 36. Re2 Kd6 37. Kf2 Rc3 38. Kg3 Rc7 39. Kf4 Rc8 40. Re7 Rxc2
(40... Rf8 41. Ke4 $18) 41. Rxf7 $18 {Stockfish10}) 26... cxb5 $11 27. Ra5 Rb7
(27... Rb8) 28. Nc4 $5 (28. Nf3 Nxf3+ 29. Rxf3 Rc8 30. Rf2 Rbc7 31. Rxb5 Rxc2
32. Re5+ Kf8 33. Rd5 Rxf2 34. Kxf2 Rc2+ 35. Kg3 Rc3 36. Rxd4 Rxb3 37. Kf4 a5
$11 {Stockfish10}) 28... Nc6 (28... Ng4 29. Rxf7+ Kxf7 30. Nd6+ Ke7 31. Nxb7
Rc8 32. Rxa7 Rxc2 33. b4 Rb2 34. Ra6 Rxb4 35. Rxg6 Rb1+ 36. Kg2 b4 37. Nd6 Ne3+
38. Kh2 Ng4+ 39. Kg2 Ne3+ $11 40. Kf2 Rf1+ 41. Ke2 Rh1 42. Nc8+ Kd7 43. Nb6+
Kc7 44. Na4 b3 45. Rg7+ Kc6 46. Rg8 Ng2 $11 {Stockfish10}) 29. Ra6 (29. Rf6
Nxa5 30. Nxa5 Rc7 31. Nc6+ Kf8 32. Nxd4 Kg7 33. Kf2 Rb8 34. Ra6 Rb6 35. Ra2 b4
36. Ke3 $11 {Stockfish10}) 29... bxc4 (29... Rc8 30. Rxf7+ Kxf7 31. Nd6+ Ke6
32. Nxb7 Ke5 33. Kg2 Rc7 34. Nc5 Nb4 35. Re6+ Kf4 36. Rf6+ Kg4 37. c3 Rxc5 38.
cxb4 Rc2+ 39. Kf1 Kxh4 40. Rxg6 Rd2 41. Rd6 Kxg5 42. Rxd4 h4 $11 43. e5 h3 44.
Kg1 a6 45. Re4 Rxd3 46. e6 Rd8 47. e7 Re8 48. Kh2 Kf6 $11 {Stockfish10}) 30.
Rxc6 cxd3 31. cxd3 $11 Rd8 (31... Rxb3) 32. e5 (32. Rcf6 Ke8 33. e5 Rxb3 {
pm analysis} 34. e6 (34. Rxf7 Rxd3 35. Kg2 Rd5 $11) 34... Rb6 35. Rxf7 (35.
exf7+ Kf8 36. Rxb6 axb6 37. Rf6 Rb8 38. Rxg6 Kxf7 39. Rf6+ Kg7 40. Kf2 b5 41.
Ke1 b4 42. Kd2 b3 43. Kc1 Rc8+ 44. Kb2 Rc3 45. Rh6 Rxd3 46. Rxh5 Rh3 47. Rh6
Kg8 48. h5 Kg7 49. Ka3 Rg3 50. Rg6+ Kh7 51. Rh6+ Kg7 52. Rg6+ $11) 35... Rdd6 (
35... Rxe6 36. Rf8+ Ke7 37. R4f7+ $18) 36. Rxa7 Rxe6 $11) 32... Rxb3 33. Rc7+ (
33. Rff6 Rb6 34. Rc7+ Rd7 35. Rxd7+ Kxd7 36. Rxf7+ Ke6 37. Rxa7 Kxe5 38. Re7+
Kf4 39. Kg2 Rb2+ 40. Kh3 Kf3 41. Re6 Rb1 $11 {Stockfish10}) 33... Rd7 (33...
Ke6 $15 {Stockfish10}) 34. Rxf7+ Kxf7 35. Rxd7+ Ke6 36. Rxd4 Kxe5 37. Ra4 Rxd3
38. Rxa7 $11 Rd4 39. Rg7 (39. Ra6) 39... Rxh4 40. Rxg6 Kf5 41. Rg8 Rg4+ 42. Kh2
Rxg5 43. Rxg5+ Kxg5 1/2-1/2

[Event "Dyfed Open"]
[Site "Fishguard"]
[Date "2019.02.23"]
[Round "3.6"]
[White "Heap, Gerry"]
[Black "Paffard, Mark"]
[Result "1-0"]
[WhiteElo "2095"]
[BlackElo "1731"]
[Annotator "kemen"]
[PlyCount "61"]
[EventDate "2019.??.??"]

{[%evp 0,61,38,-14,0,-25,-10,-26,3,9,25,21,34,30,47,55,49,37,65,46,93,102,134,
159,134,79,134,56,53,16,129,157,233,233,378,301,389,410,462,460,575,517,517,
506,654,672,723,434,469,424,437,472,490,475,674,833,1132,1267,1292,1292,1325,
1240,2056,2233]} 1. c4 Nf6 2. g3 e6 3. Bg2 Be7 4. Nf3 d6 {rather passive} (4...
d5 {main}) 5. O-O O-O 6. Nc3 Nbd7 7. d4 a6 (7... e5 {main, at least tries to
get a foothold in the centre}) 8. Qc2 (8. e4) 8... Rb8 9. e4 c5 (9... e5 {
prevents Wh from playing there}) 10. e5 $16 Ne8 11. exd6 Nxd6 12. b3 (12. dxc5
Nxc5 13. b4 Nd7 14. c5 Nf5 15. Ne4 $18 {Komodo12}) 12... b5 (12... cxd4 13.
Nxd4 e5 14. Nf5 Nxf5 15. Qxf5 Bd6 16. Rd1 Nf6 17. Qc2 Qe7 18. Bg5 $16 {Komodo12
}) 13. cxb5 (13. dxc5 Nxc5 14. b4 Na4 15. Nxa4 bxa4 16. c5 Nf5 17. Rd1 Qe8 18.
Rb1 Bb7 19. Bf4 $16 {Komodo12}) 13... axb5 14. Bf4 g5 $6 {disrupts Bl's K side}
(14... c4 $14) 15. Nxg5 Bxg5 (15... Nf5 16. Nxh7 Kxh7 17. g4 $18 {Komodo12})
16. Bxd6 $18 Ba6 17. Rfd1 (17. dxc5) 17... Bf6 18. dxc5 Qa5 19. Rac1 Rfc8 20.
Bxb8 (20. c6 $1 {Komodo12}) 20... Nxb8 21. Ne4 Be7 (21... Bg7) 22. Qb2 Bb7 23.
b4 (23. Nd6) 23... Qa8 24. f3 (24. Nd6 {Komodo12}) 24... Bd5 25. Nf6+ Bxf6 26.
Qxf6 Qxa2 27. Rd4 Nc6 (27... h5 28. Rf4 Qa7 29. Qg5+ Kf8 30. Qh6+ Ke7 31. Qf6+
Ke8 32. Qh8+ Ke7 33. Qxc8 $18 {Komodo12}) 28. Rg4+ Kf8 29. Qh8+ Ke7 30. Qxc8
Ne5 31. Qc7+ 1-0

[Event "Dyfed Open"]
[Site "Fishguard"]
[Date "2019.02.23"]
[Round "3.8"]
[White "Greatorex, Roger"]
[Black "May, Frank"]
[Result "1/2-1/2"]
[WhiteElo "1713"]
[BlackElo "2069"]
[Annotator "kemen"]
[PlyCount "52"]
[EventDate "2019.??.??"]

{[%evp 0,101,18,-56,-52,-59,-34,-32,-20,-47,-29,-29,-22,-29,-2,-25,-2,-2,8,19,
3,7,6,-20,0,-5,-8,0,60,-37,53,53,58,58,64,64,59,59,115,124,133,129,129,144,160,
160,262,184,184,178,178,178,211,196,303,302,302,305,305,309,332,276,289,238,
331,234,252,252,261,255,277,230,295,295,295,256,268,218,228,249,249,317,417,
365,512,512,1152,625,853,1016,1016,1016,1032,1032,1032,1032,1032,1032,1364,
1305,1364,1379,1393,1394]} 1. Nf3 d5 2. b4 e6 3. Bb2 Nf6 4. a3 Nbd7 (4... c5)
5. e3 Be7 (5... Bd6) 6. c4 O-O (6... dxc4 7. Bxc4 Nb6 8. Bb3) 7. c5 c6 8. Be2
b6 9. cxb6 (9. d4 {Komodo12} bxc5 10. dxc5 a5 {Rush -Rossini, LSS email 2011,
1-0}) 9... axb6 $15 10. O-O c5 11. b5 Bd6 12. d3 Bb7 13. Nbd2 e5 14. Qc2 Re8
15. e4 d4 (15... c4 $15 {Komodo12}) 16. Nc4 $11 Bc7 17. Bc1 Bc8 18. Bg5 h6 19.
Bh4 Nf8 20. Bg3 Ng6 21. Nfd2 (21. a4 $11) 21... Nf4 22. Bxf4 exf4 $15 23. Bf3
Rb8 (23... Ng4 24. h3 Ne5 25. Nxe5 Rxe5 26. Nc4 Rg5 $15 {Komodo12}) 24. Qd1 g5
(24... Be6 $15) 25. h3 Kg7 26. Re1 Be6 $11 {it will be difficult for Bl to get
h5 organized.} 1/2-1/2

[Event "Dyfed Open"]
[Site "Fishguard"]
[Date "2019.02.23"]
[Round "3.9"]
[White "Miller, John S"]
[Black "Byway, Paul V"]
[Result "0-1"]
[WhiteElo "1686"]
[BlackElo "2060"]
[Annotator "kemen"]
[PlyCount "96"]
[EventDate "2019.??.??"]

{[%evp 0,96,69,33,17,28,45,45,24,23,40,21,20,18,9,-10,1,-8,-8,-3,8,0,25,0,43,
-15,-6,-44,-27,-51,-18,-44,-39,-43,-23,-23,-4,-16,-3,1,0,6,5,-13,-16,-24,-12,
-10,2,9,12,17,10,11,13,0,19,7,15,13,17,-10,0,0,5,-4,3,-2,-17,-25,-26,-26,-27,
-15,-46,-28,-30,-89,-95,-150,-107,-127,-43,-143,-151,-148,-133,-163,-130,-208,
-133,-284,-281,-471,-471,-29993,-29994,-29995,-29996]} 1. d4 Nf6 2. Bf4 g6 3.
Nf3 Bg7 4. e3 O-O 5. Nbd2 d6 6. Be2 Nbd7 7. c3 b6 8. O-O Bb7 9. h3 c5 {main} (
9... Qe8 {Miller-J Van Kemenade, d5 Dyfed Open 2019,1/2-1/2}) 10. Re1 (10. a4 {
main}) 10... a6 11. Qc2 (11. a4 {main}) 11... b5 (11... Rc8 {2 Bl wins, 1 draw}
) 12. a3 (12. a4) 12... Qc7 13. Rac1 Rac8 (13... e5) 14. Bh2 Qb8 15. Nb3 (15.
a4 $11) 15... Be4 16. Qd1 Qa8 (16... c4 17. Nbd2 Bd5 $15) 17. Nbd2 Bc6 18. Bd3
(18. c4 $11 {Komodo12}) 18... Ne4 19. Nxe4 Bxe4 20. Bxe4 Qxe4 21. Nd2 $11 (21.
a4 $11) 21... Qb7 22. Qe2 (22. Qf3) 22... Nb6 23. Rcd1 Na4 24. Nf3 Qd5 25. Qc2
Qa2 26. Re2 Nb6 27. Ree1 (27. dxc5 Rxc5 28. e4 $11 {Komodo12- a Sicilian
structure}) 27... Rfe8 28. Ra1 Qd5 29. e4 Qb7 30. Rad1 cxd4 31. Nxd4 Nd7 (31...
Nc4 {looks more logical, using the outpost square}) 32. Kh1 Rc4 33. f4 (33. Nf3
Rc5 34. Bf4 $11 {Komodo12}) 33... Bxd4 34. Rxd4 Rxd4 35. cxd4 Rc8 36. Qd2 (36.
Qe2 Qc6 37. e5 d5 38. e6 (38. f5 gxf5 39. Qf3 Qe6 $15) 38... Qxe6 39. Qxe6 fxe6
40. Rxe6 Kf7 41. Rxa6 Rc2 42. b4 $11 {Komodo12}) 36... Nf6 37. Qd3 Qc6 38. f5 (
38. e5 Nd5 39. f5 dxe5 40. dxe5 e6 41. fxe6 fxe6 42. Bg1 Qc2 43. Qd4 Rc4 44.
Qa7 $11 Nf4 45. Qa8+ Rc8 46. Qf3 Nd5 47. Bd4 Qf5 48. Qd1 Kg7 $15 {Komodo12})
38... Qc2 39. Qe3 (39. Qe2 Qb3 40. Qd2 Qc2 41. Qe3 d5 $15 (41... Qxb2 $17))
39... Qxb2 $17 40. e5 Rc3 41. Qh6 Qf2 $19 42. Rc1 Rxc1+ 43. Qxc1 Ne4 44. f6
exf6 45. exd6 (45. e6 Qxd4 46. e7 Nf2+ 47. Kg1 Nxh3+ 48. Kh1 Nf2+ 49. Kg1 Nd3+
50. Kh1 Nxc1 51. e8=Q+ Kg7 $19 {Komodo12}) 45... Qxd4 46. Qc8+ Kg7 47. d7 Nf2+
48. Kg1 Nxh3+ 0-1

[Event "Dyfed Open"]
[Site "Fishguard"]
[Date "2019.02.23"]
[Round "3.10"]
[White "Hurn, Robert Aj"]
[Black "Barnaby, Nicholas"]
[Result "0-1"]
[WhiteElo "1632"]
[BlackElo "1998"]
[Annotator "kemen"]
[PlyCount "80"]
[EventDate "2019.??.??"]

{[%evp 0,80,19,31,14,-14,-11,-9,-3,26,31,20,41,19,19,19,20,28,8,4,54,13,19,-19,
-11,-1,1,16,-6,-34,-33,-46,-30,-43,-15,-28,-24,-69,-31,-30,-42,-36,-47,-32,-29,
-29,-28,-40,-36,-71,-76,-85,-95,-95,-69,-115,-95,-116,-69,-155,-138,-126,-96,
-202,-150,-204,-151,-202,-201,-397,-240,-347,-420,-453,-301,-439,-320,-272,
-193,-444,-549,-29995,-29996]} 1. d4 Nf6 2. c4 e6 3. Nc3 Bb4 4. e3 O-O 5. Bd3
d5 6. Nf3 c5 7. O-O Nc6 8. a3 Bxc3 9. bxc3 Qc7 10. h3 (10. cxd5) (10. Bb2)
10... b6 (10... dxc4 11. Bxc4 e5) 11. Qc2 $146 (11. cxd5) (11. Bb2) 11... Ba6 (
11... dxc4 12. Bxc4 Bb7 $15 {Komodo12}) 12. cxd5 Bxd3 13. Qxd3 exd5 14. Rd1 (
14. dxc5 bxc5 15. c4 dxc4 16. Qxc4 Ne5 17. Nxe5 Qxe5 18. Rb1 Qe4 19. Qxe4 Nxe4
20. f3 Nc3 21. Rb3 Na4 22. e4 $11 {Komodo12}) 14... c4 $15 {Bl sets about
blockading the Wh pawns & trying to keep the B bad.} 15. Qc2 Rfe8 (15... b5)
16. a4 Qd7 17. Ba3 {even though it gets outside the pawn chain, the B is still
not doing much; while c3 needs constant watch} Ne4 18. Nd2 f5 (18... Na5 $15)
19. Nxe4 fxe4 20. Qe2 Rad8 21. Ra2 Qf5 22. Rf1 Re6 {Bl can launch a K side
assault & the B is left on the sidelines} 23. Kh1 (23. f3 {must be tried- Wh
needs the ability to protect along the second rank. Komodo12 gives this as
equal, but Wh still has to careful in his defence.}) 23... Rde8 24. Bc1 Rf6 (
24... Rg6 $5) 25. Bd2 Ref8 26. Be1 h6 27. Qd1 Ne7 28. a5 Qg5 (28... b5) 29. Re2
(29. axb6 axb6 30. Qg4 {gets rid of the main attacker} Qxg4 31. hxg4 Rg6 32.
Ra7 Re8 33. Rb7 Rxg4 34. Rxb6 Nf5 $15) 29... Nf5 (29... Rg6 $19 30. Rg1 Rf3 31.
g3 Qf5 (31... b5 {Stockfish10}) 32. Kh2 bxa5 33. Qa4 Nc6 34. Rb2 h5 35. h4 Rf6
$19 {Komodo12}) 30. Rg1 bxa5 31. Bd2 Qh5 (31... Nh4 32. Qf1 Qf5 33. Bc1 Rg6 34.
Ba3 (34. g3 Nf3 $19) (34. g4 Qf3+ 35. Kh2 Rb6 36. Rg3 Qf7 37. Ba3 Rfb8 $19)
34... Rxg2 $19 {Komodo12}) 32. Qe1 Qe8 (32... Nh4 33. Bc1 Nf3 $19 {Komodo12}) (
32... Rg6 33. Bc1 Nh4 34. g4 Qg5 35. Rg3 Nf3 36. Qd1 h5 $19 {Komodo12}) 33. Qa1
a4 34. Qa3 Qd7 (34... Qh5 35. Ree1 Nh4 $19 {Komodo12}) 35. Qc5 Nh4 36. Be1 Nf3
(36... Rf3 $1 {is even stronger- Komodo12 now gives up the Wh Q} 37. Kh2 Rxh3+
38. gxh3 Nf3+ 39. Kg2 Rf6 {mating}) (36... Rg6 37. g4 Nf3 38. Rg3 Rb6 39. Qa3
Rb1 40. Qa2 Rxe1+ 41. Rxe1 Nxe1 $19 {Komodo12 & the B has gone}) 37. Rf1 Rc6 (
37... Rg6) 38. Qa3 Ng5 (38... Rg6 39. Qb2 Rg5 {thr Rh5 & Komodo12 sheds the Q
to delay mate}) 39. Qxa4 Rf3 40. Rb2 Rxh3+ 0-1

[Event "Dyfed Open"]
[Site "Fishguard"]
[Date "2019.02.23"]
[Round "3.11"]
[White "May, Adam J"]
[Black "Fraser, Susanna"]
[Result "1-0"]
[WhiteElo "1906"]
[BlackElo "1578"]
[Annotator "kemen"]
[PlyCount "41"]
[EventDate "2019.??.??"]

{[%evp 0,52,28,25,25,-16,-4,-26,-8,-26,3,-45,-35,-10,-3,-3,-4,-4,24,21,16,25,
19,0,-2,15,2,12,30,8,12,1,31,-30,-29,-32,-41,-56,-193,-176,-183,-182,-171,-200,
-208,-244,-243,-237,-262,-257,-259,-275,-257,-337,-358]} 1. c4 Nf6 2. g3 e6 3.
Bg2 d5 4. Nf3 Be7 5. O-O O-O 6. b3 c5 (6... c6 7. Bb2 Nbd7 8. d3 {A May-F May,
Dyfed Open 2018,1/2-1/2}) 7. Bb2 Nc6 8. e3 b6 9. Nc3 Qc7 (9... Bb7 {main} 10.
cxd5 exd5 11. d4 Rc8 12. Rc1 Ba6 13. Re1 Nb4 14. Ne5 Nd7 15. Nxd5 Nxe5 16. Nxb4
cxb4 17. dxe5 Qxd1 18. Rexd1 {May-V Sivarajasingam, S Wales New Year op 2015,
1-0}) (9... Ba6) 10. cxd5 exd5 (10... Nxd5 {also played}) 11. d4 Ba6 12. Re1
Nb4 (12... Rad8 13. dxc5 bxc5 14. a3 Rd7 15. Rc1 Rfd8 16. Na4 c4 17. Bxf6 gxf6
18. Bh3 Rd6 19. Nh4 Bc8 20. Bf5 Ne5 {Laqua-Hartmann, Oberliga Nord 1994,1/2-1/2
}) (12... Rfd8 13. Rc1 Ne4 14. a3 Qd7 15. Qc2 Qe6 16. Red1 Rac8 17. Qb1 f5 18.
Na4 Be2 {Villavicencio Martinez-Vega Gutierrez, Vecindario Canarias op 2010,0-1
}) 13. Ne5 $16 Bd6 (13... Bb7 14. Rc1 $16) 14. a3 $18 Nc6 15. Nxc6 Qxc6 16.
dxc5 Qxc5 (16... bxc5 17. Nxd5) (16... Bxc5 17. b4 Be7 18. Nxd5) 17. Nxd5 Nxd5
18. Bxd5 Rad8 (18... Bxg3 19. hxg3 Rad8 20. e4 $18 {Komodo12}) 19. Rc1 Qb5 20.
Qd4 {the mate can only be delayed} Qxd5 21. Qxg7# 1-0

[Event "Dyfed Open"]
[Site "Fishguard"]
[Date "2019.02.23"]
[Round "3.12"]
[White "Horrell, Stephen A"]
[Black "Buttell, David"]
[Result "0-1"]
[WhiteElo "1592"]
[BlackElo "1793"]
[Annotator "kemen"]
[PlyCount "66"]
[EventDate "2019.??.??"]

{[%evp 0,66,5,43,51,44,32,20,43,51,49,40,31,30,4,6,38,-10,3,6,32,-30,-26,-12,
-10,-3,-26,-35,-44,-36,46,13,19,-5,23,-52,-43,-80,-81,-93,-102,-139,-133,-91,
-74,-164,-175,-197,-184,-193,-173,-169,-173,-1256,-1257,-1257,-1330,-1464,-397,
-506,-521,-547,-655,-658,-673,-673,-686,-870,-877]} 1. e4 c5 2. Nc3 Nc6 3. f4
g6 4. Nf3 (4. Bb5 Nd4 5. d3 a6 6. Bc4 e6 7. Nf3 Ne7 8. Nxd4 cxd4 9. Ne2 Bg7 10.
O-O O-O {Davies-Buttell, Dyfed League 2019,1-0 (10 days before)}) 4... Bg7 5.
Bb5 Nd4 6. O-O a6 7. Bd3 e6 (7... d6 {more frequent}) 8. Nxd4 (8. e5 {main})
8... Bxd4+ (8... cxd4 {main}) 9. Kh1 b5 (9... Ne7) (9... d6) 10. Ne2 Bg7 11. c3
f5 (11... Ne7 12. Ng3 O-O 13. a4 c4 14. Bc2 Bb7 15. d3 Nc6 {Maroroa-Tan,
Doeberl Cup Major, Canberra 2009,1/2-1/2}) (11... Bb7 {Stockfish10}) 12. exf5 (
12. Bc2) 12... gxf5 (12... exf5 $15) 13. Bc2 Nf6 14. d4 Ng4 (14... cxd4 15.
Nxd4 Bb7 $11 {Stockfish10}) 15. Qe1 (15. h3 h5 (15... Bb7 16. hxg4 Qh4+ 17. Kg1
Qxg4 18. Kf2 Bxg2 19. Rg1 Qf3+ 20. Ke1 Bf6 21. Qd3 h5 22. Qxf3 Bxf3 23. dxc5 h4
24. Kf2 Bb7 25. Rg2 Bxg2 26. Kxg2 h3+ 27. Kh1 $14) 16. d5 $14 {Stockfish10})
15... c4 16. Qg3 (16. d5 $11) 16... Bf6 (16... Bb7 $17 {Stockfish10}) 17. Qh3 (
17. h3 h5 18. Ng1 Bb7 19. Nf3 Qc7 20. a4 $11 {Stockfish10}) 17... h5 $17 18.
Be3 Bb7 19. Rad1 (19. Ng1) 19... Bd5 (19... Qb6 $19 {Stockfish10}) 20. Rfe1 Kf7
(20... Qc7 21. Ng3 O-O-O $19 {Stockfish10}) 21. Ng1 Qc7 (21... b4) 22. Nf3 Rag8
$19 23. Ng5+ Bxg5 24. fxg5 Rxg5 25. Rd2 (25. Bxg5 Nf2+) 25... Nxe3 26. Rxe3 Qf4
27. Kg1 Rhg8 28. Ree2 Bf3 (28... Bxg2 $1 {Stockfish10} 29. Rxg2 Qxd2 30. Rxg5
Qe1+ 31. Kg2 Qe2+ 32. Kg1 (32. Kh1 Rxg5) 32... Rxg5+ 33. Qg3 Rxg3+ 34. hxg3
Qxc2 $19) 29. Rf2 Rxg2+ (29... Qe3 $1 {Stockfish10} 30. Qxf3 Qe1+ 31. Rf1 Qxd2
32. Rf2 Qe1+ 33. Rf1 Rxg2+ 34. Qxg2 Qe3+ 35. Kh1 Rxg2 36. Kxg2 h4 $19) 30. Rxg2
Rxg2+ (30... Qe3+ 31. Rdf2 Rxg2+ 32. Qxg2 Bxg2 33. Kxg2 h4 $19 {Stockfish10})
31. Rxg2 Qc1+ 32. Kf2 Qxc2+ 33. Kxf3 (33. Kg3 Qd3 (33... Qxg2+ 34. Qxg2 Bxg2
35. Kxg2 d6 {is much simpler}) 34. Qh4 Bd5+ 35. Kf2 Qd2+ 36. Kf1 Bxg2+ 37. Kg1
Bf3 $19 {Stockfish10}) 33... Qd3+ 0-1